| 000 | 00608cam a2200157 4500 | ||
|---|---|---|---|
| 008 | 091126n mx 000 0 spa u | ||
| 035 | _aa485952 | ||
| 050 | 0 | 4 |
_aPN4748 .M6 _bA44 1951 |
| 100 | 1 |
_aMiguel Alemán Valdés _d1903-1983. |
|
| 245 | 1 | 3 |
_aLa libertad de prensa es porción indivisible de la libertad humana : _bDiscursos pronunciados en el acto de homenaje de la prensa nacional al presidente de México. / _c Miguel Alemán Valdés. |
| 260 |
_aMéxico, D.F. : _c1951 |
||
| 300 |
_a47 p. ; _c24 cm. |
||
| 500 | _a1 ejemplar | ||
| 650 | 7 |
_aLibertad de Prensa _zMéxico _2Lemb |
|
| 942 |
_2lcc _cLIB |
||
| 999 |
_c70350 _d70350 |
||